[Event "MNE-ch 76th"]
[Site "Podgorica"]
[Date "2024.02.13"]
[Round "9"]
[White "Milovic, Ilija"]
[Black "Kandic, Milojko"]
[Result "1-0"]
[WhiteElo "1877"]
[BlackElo "2045"]
[PlyCount "66"]
[EventDate "2024.02.06"]
[EventType "swiss"]
[EventRounds "11"]
[EventCountry "MNE"]
[SourceTitle "CB08_2024"]
[SourceDate "2024.02.21"]
[SourceVersion "1"]
[SourceVersionDate "2024.02.21"]
[SourceQuality "1"]

1. d4 d5 2. c4 e5 3. dxe5 d4 4. Nf3 c5 5. e3 Nc6 6. exd4 cxd4 7. Bd3 Bg4 8. 0-0 Nge7 9. Bf4 Ng6 10. Bg3 h5 11. h3 h4 12. Bh2 Bh5 13. Re1 Bb4 14. Re4 0-0 15. a3 Be7 16. Nbd2 a5 17. Qc2 Rc8 18. e6 fxe6 19. Rxe6 Nf4 20. Bxf4 Rxf4 21. Bg6 d3 22. Qxd3 Nd4 23. Qe3 Bxg6 24. Rxg6 Bf6 25. Re1 Nxf3+ 26. Nxf3 Rfxc4 27. Qe6+ Kh7 28. Rg4 Rc1 29. Rge4 Bxb2 30. Qf5+ Kg8 31. Ng5 Rxe1+ 32. Rxe1 Qxg5 33. Qxg5 Bf6 1-0

[Event "MNE-ch 76th"]
[Site "Podgorica"]
[Date "2024.02.06"]
[Round "1"]
[White "Kalezic, Blazo"]
[Black "Kandic, Milojko"]
[Result "1-0"]
[WhiteElo "2407"]
[BlackElo "2045"]
[PlyCount "61"]
[EventDate "2024.02.06"]
[EventType "swiss"]
[EventRounds "11"]
[EventCountry "MNE"]
[SourceTitle "CB08_2024"]
[SourceDate "2024.02.21"]
[SourceVersion "1"]
[SourceVersionDate "2024.02.21"]
[SourceQuality "1"]

1. e4 e6 2. d4 d5 3. Nd2 dxe4 4. Nxe4 Nd7 5. Nf3 Ngf6 6. Nxf6+ Nxf6 7. Be3 Be7 8. c3 0-0 9. Bd3 b6 10. Qc2 Bb7 11. 0-0-0 Qc8 12. Ne5 h6 13. Kb1 Rd8 14. Rhe1 c5 15. dxc5 Bxc5 16. Bc1 Qc7 17. f4 Bd6 18. g4 Bxe5 19. fxe5 Nxg4 20. Qe2 Rxd3 21. Qxd3 Nxe5 22. Qg3 f6 23. Bxh6 Qf7 24. Ka1 g5 25. Bxg5 Ng6 26. Rf1 f5 27. h4 Kh7 28. h5 Nf8 29. Be3 Rc8 30. Rg1 Bd5 31. Qg5 1-0

[Event "MNT-chT"]
[Site "Podgorica"]
[Date "2020.10.11"]
[Round "5.1"]
[White "Pecurica, Milos"]
[Black "Kandic, Milojko"]
[Result "1-0"]
[WhiteElo "2323"]
[BlackElo "1961"]
[PlyCount "61"]
[EventDate "2020.10.09"]
[EventType "team-tourn"]
[EventRounds "9"]
[EventCountry "MNE"]
[SourceTitle "CBM 198 Extra"]
[Source "ChessBase"]
[SourceDate "2020.11.30"]
[SourceVersion "1"]
[SourceVersionDate "2020.11.30"]
[SourceQuality "1"]
[WhiteTeam "Crnogorac"]
[BlackTeam "Cetinje"]
[WhiteTeamCountry "MNE"]
[BlackTeamCountry "MNE"]

1. d4 d5 2. c4 e6 3. Nc3 Nf6 4. cxd5 exd5 5. Bg5 Nbd7 6. e3 Be7 7. Bd3 c6 8. Nge2 h6 9. Bh4 0-0 10. f3 c5 11. 0-0 Qb6 12. Qd2 cxd4 13. Nxd4 g6 14. Rad1 Kg7 15. Kh1 Rd8 16. Na4 Qb4 17. Bc2 Qxd2 18. Rxd2 Ne5 19. Bb3 b5 20. Nxb5 Ba6 21. Nac3 g5 22. Bg3 Nc4 23. Bxc4 dxc4 24. Rfd1 Rxd2 25. Rxd2 Bc5 26. Nc7 Bb7 27. Nxa8 Bxa8 28. Be5 Kg6 29. Bd4 Bb4 30. Bxa7 g4 31. e4 1-0

[Event "MNT-chT"]
[Site "Podgorica"]
[Date "2020.10.10"]
[Round "2.1"]
[White "Raicevic, Momcilo"]
[Black "Kandic, Milojko"]
[Result "1-0"]
[WhiteElo "2303"]
[BlackElo "1961"]
[PlyCount "95"]
[EventDate "2020.10.09"]
[EventType "team-tourn"]
[EventRounds "9"]
[EventCountry "MNE"]
[SourceTitle "CBM 198 Extra"]
[Source "ChessBase"]
[SourceDate "2020.11.30"]
[SourceVersion "1"]
[SourceVersionDate "2020.11.30"]
[SourceQuality "1"]
[WhiteTeam "Rudar"]
[BlackTeam "Cetinje"]
[WhiteTeamCountry "MNE"]
[BlackTeamCountry "MNE"]

1. c4 c5 2. g3 Nc6 3. Bg2 g6 4. Nc3 Bg7 5. e3 e5 6. Nge2 Nge7 7. 0-0 0-0 8. a3 d6 9. Rb1 a5 10. d3 f5 11. Nd5 Nxd5 12. cxd5 Ne7 13. b4 axb4 14. axb4 b6 15. Qb3 Ba6 16. b5 Bb7 17. f4 Kh8 18. fxe5 Bxe5 19. Nf4 Bc8 20. Bb2 Rb8 21. Ra1 g5 22. Ne6 Bxe6 23. dxe6 Nc8 24. d4 Bg7 25. Bc6 Qc7 26. d5 Bxb2 27. Qxb2+ Qg7 28. Qxg7+ Kxg7 29. e4 f4 30. gxf4 gxf4 31. Ra3 Kg6 32. Raf3 Kg5 33. Kf2 h5 34. Rg1+ Kh6 35. h4 Ne7 36. Ra3 Nc8 37. Kf3 Ne7 38. Ra7 Ng6 39. Rxg6+ Kxg6 40. e7 Rg8 41. e8Q+ Rgxe8 42. Bxe8+ Rxe8 43. Rd7 Kf6 44. Kxf4 Rf8 45. Rxd6+ Ke7+ 46. Ke5 Rc8 47. Rc6 Kd7 48. d6 1-0

[Event "MNT-ch 72nd"]
[Site "Podgorica"]
[Date "2020.09.16"]
[Round "8"]
[White "Vujovic, Savo"]
[Black "Kandic, Milojko"]
[Result "1-0"]
[WhiteElo "2082"]
[BlackElo "1961"]
[PlyCount "55"]
[EventDate "2020.09.11"]
[EventType "swiss"]
[EventRounds "9"]
[EventCountry "MNE"]
[SourceTitle "CBM 198 Extra"]
[Source "ChessBase"]
[SourceDate "2020.11.30"]
[SourceVersion "1"]
[SourceVersionDate "2020.11.30"]
[SourceQuality "1"]

1. e4 c6 2. d4 g6 3. Nc3 Bg7 4. Be3 Qb6 5. Qd2 Qxb2 6. Rb1 Qa3 7. Bc4 d6 8. Nge2 Nd7 9. 0-0 Qa5 10. f4 e6 11. f5 Nb6 12. Bd3 d5 13. fxe6 Bxe6 14. exd5 cxd5 15. Bb5+ Kf8 16. Nf4 Bf5 17. Bd3 Bd7 18. Bxg6 hxg6 19. Nxg6+ Ke8 20. Bg5 Rh6 21. Rbe1+ Be6 22. Qf4 Bf6 23. Bxh6 Qxc3 24. Bg7 Qxd4+ 25. Qxd4 Bxd4+ 26. Bxd4 Nc4 27. Rxe6+ fxe6 28. Rf8+ 1-0

[Event "MNT-ch 72nd"]
[Site "Podgorica"]
[Date "2020.09.14"]
[Round "6"]
[White "Popadic, Dragan"]
[Black "Kandic, Milojko"]
[Result "1/2-1/2"]
[WhiteElo "2171"]
[BlackElo "1961"]
[PlyCount "41"]
[EventDate "2020.09.11"]
[EventType "swiss"]
[EventRounds "9"]
[EventCountry "MNE"]
[SourceTitle "CBM 198 Extra"]
[Source "ChessBase"]
[SourceDate "2020.11.30"]
[SourceVersion "1"]
[SourceVersionDate "2020.11.30"]
[SourceQuality "1"]

1. e4 d5 2. exd5 Nf6 3. d4 Nxd5 4. Nf3 g6 5. h3 Bg7 6. Bc4 0-0 7. 0-0 h6 8. c3 e6 9. Nbd2 Nd7 10. Re1 c5 11. Bxd5 exd5 12. dxc5 Nxc5 13. Nb3 Na4 14. Nbd4 Nb6 15. b3 Re8 16. Ba3 Bd7 17. Qd2 Qc7 18. Rxe8+ Rxe8 19. Re1 Re4 20. Re3 Qf4 21. g3 1/2-1/2

[Event "MNT-ch 72nd"]
[Site "Podgorica"]
[Date "2020.09.13"]
[Round "5"]
[White "Kandic, Milojko"]
[Black "Lazarevic, Zoran1111"]
[Result "1-0"]
[WhiteElo "1961"]
[BlackElo "1859"]
[PlyCount "86"]
[EventDate "2020.09.11"]
[EventType "swiss"]
[EventRounds "9"]
[EventCountry "MNE"]
[SourceTitle "CBM 198 Extra"]
[Source "ChessBase"]
[SourceDate "2020.11.30"]
[SourceVersion "1"]
[SourceVersionDate "2020.11.30"]
[SourceQuality "1"]

1. e4 c5 2. Nf3 d6 3. c3 Nf6 4. Bc4 e6 5. d3 Be7 6. Nbd2 0-0 7. Bb3 b6 8. 0-0 Bb7 9. Re1 Qc7 10. Nf1 Nbd7 11. Ng3 Rfe8 12. Bf4 Nf8 13. Rc1 Ng6 14. Bg5 h6 15. Bd2 Rac8 16. d4 cxd4 17. cxd4 Qb8 18. h4 Qa8 19. h5 Nf8 20. Bc2 Rc6 21. Bc3 Rec8 22. Qd2 b5 23. a4 a6 24. axb5 axb5 25. Ra1 Qb8 26. Bd3 Ba6 27. Bb4 Qb7 28. Ra3 N6d7 29. Rea1 Nb8 30. d5 R6c7 31. e5 Rd7 32. dxe6 fxe6 33. exd6 Bd8 34. Ne5 Qd5 35. Nxd7 Bb7 36. Be4 Qxd2 37. Bxd2 Bxe4 38. Nxf8 Bd5 39. Ng6 Rc2 40. Bc3 Bb6 41. Ne7+ Kf7 42. Nxd5 Bxf2+ 43. Kh2 exd5 1-0

[Event "MNT-ch 72nd"]
[Site "Podgorica"]
[Date "2020.09.12"]
[Round "2"]
[White "Sabotic, Denis"]
[Black "Kandic, Milojko"]
[Result "0-1"]
[WhiteElo "1769"]
[BlackElo "1961"]
[PlyCount "116"]
[EventDate "2020.09.11"]
[EventType "swiss"]
[EventRounds "9"]
[EventCountry "MNE"]
[SourceTitle "CBM 198 Extra"]
[Source "ChessBase"]
[SourceDate "2020.11.30"]
[SourceVersion "1"]
[SourceVersionDate "2020.11.30"]
[SourceQuality "1"]

1. e4 e6 2. Nf3 d5 3. exd5 exd5 4. d4 Nf6 5. Bg5 Be7 6. Bd3 0-0 7. 0-0 Bg4 8. Nbd2 Ne4 9. Bxe7 Qxe7 10. Re1 f5 11. h3 Bxf3 12. Nxf3 Nd7 13. c4 dxc4 14. Bxc4+ Kh8 15. Bd3 c5 16. d5 Ndf6 17. Ng5 Qe5 18. Nxe4 fxe4 19. Bxe4 Nxe4 20. f3 Rf4 21. Rxe4 Rxe4 22. fxe4 Qxe4 23. Qb3 b6 24. Rd1 h6 25. d6 Rd8 26. Qf7 Qe8 27. Qc7 Qd7 28. Re1 Kh7 29. Re7 Qxc7 30. dxc7 Rc8 31. Kf2 Kg6 32. Ke3 Kf6 33. Rd7 g5 34. Ke4 Ke6 35. Rh7 Kd6 36. Rxh6+ Kxc7 37. Rg6 Re8+ 38. Kf5 Re2 39. Rxg5 Rxb2 40. Rg7+ Kc6 41. h4 c4 42. Ke4 Rd2 43. h5 c3 44. Ke3 Rd5 45. Rg8 Rxh5 46. Rc8+ Kd5 47. Rxc3 a5 48. Kf4 b5 49. g4 Rh2 50. a3 Kd4 51. Rf3 Rh8 52. g5 b4 53. Kg4 Kc4 54. g6 b3 55. Rf7 b2 56. Rb7 Kc3 57. Kf4 Kc2 58. Rc7+ Kb3 0-1

[Event "MNT Team Cup"]
[Site "Herceg Novi"]
[Date "2020.06.26"]
[Round "3.4"]
[White "Ivanovic, Ilija"]
[Black "Kandic, Milojko"]
[Result "1-0"]
[WhiteElo "1914"]
[BlackElo "2003"]
[PlyCount "99"]
[EventDate "2020.06.25"]
[EventType "team-swiss"]
[EventRounds "5"]
[EventCountry "MNE"]
[SourceTitle "EXT 2021"]
[Source "ChessBase"]
[SourceDate "2020.10.23"]
[SourceVersion "1"]
[SourceVersionDate "2020.10.23"]
[SourceQuality "1"]
[WhiteTeam "Gambit"]
[BlackTeam "Cetinje"]
[WhiteTeamCountry "MNE"]
[BlackTeamCountry "MNE"]

1. Nf3 d6 2. e4 Nf6 3. Nc3 g6 4. d4 Bg7 5. Be2 0-0 6. 0-0 Bg4 7. h3 Bxf3 8. Bxf3 Nc6 9. Be3 e5 10. dxe5 dxe5 11. Nd5 Nxd5 12. exd5 Ne7 13. c4 f5 14. Bc5 Rf6 15. Qb3 e4 16. Be2 b6 17. Bd4 Rd6 18. Bxg7 Kxg7 19. f3 exf3 20. Bxf3 a5 21. a4 Ng8 22. Rfe1 Qf6 23. Rad1 Rad8 24. Re6 Rxe6 25. dxe6 Rxd1+ 26. Qxd1 Qxe6 27. Qd4+ Nf6 28. b3 Qe1+ 29. Kh2 Qb4 30. Qe3 Qd6+ 31. g3 h5 32. h4 Kf7 33. Qh6 Qd3 34. Qf4 Qd6 35. Qh6 Qd4 36. Kh3 Ne4 37. Bxe4 fxe4 38. Qf4+ Ke6 39. Qxc7 e3 40. Qc6+ Ke5 41. Qxg6 Qg4+ 42. Qxg4 hxg4+ 43. Kg2 Ke4 44. Kf1 Kf3 45. h5 Kxg3 46. h6 Kf3 47. h7 g3 48. h8Q g2+ 49. Kg1 e2 50. Qf8+ 1-0

[Event "MNT-chT 1st League"]
[Site "Podgorica"]
[Date "2018.10.19"]
[Round "7.3"]
[White "Petrusic, Goran"]
[Black "Kandic, Milojko"]
[Result "0-1"]
[WhiteElo "1946"]
[BlackElo "2014"]
[PlyCount "134"]
[EventDate "2018.09.07"]
[EventType "team-tourn"]
[EventRounds "9"]
[EventCountry "MNE"]
[SourceTitle "CBM 187 Extra"]
[Source "ChessBase"]
[SourceDate "2018.11.04"]
[SourceVersion "1"]
[SourceVersionDate "2018.11.04"]
[SourceQuality "1"]
[WhiteTeam "Dijagonale"]
[BlackTeam "Cetinje"]
[WhiteTeamCountry "MNE"]
[BlackTeamCountry "MNE"]

1. c4 c5 2. Nc3 Nc6 3. g3 g6 4. Bg2 Bg7 5. e3 d6 6. d3 e5 7. Qd2 Nge7 8. a3 0-0 9. Nge2 Be6 10. Nd5 Qd7 11. h4 h6 12. b3 f5 13. Bb2 Rab8 14. f4 b5 15. Ra2 bxc4 16. bxc4 h5 17. 0-0 Bxd5 18. cxd5 Nd8 19. Qc2 Nf7 20. e4 Qb5 21. Rc1 Rfc8 22. Qc4 Qxc4 23. Rxc4 Rb3 24. Bc3 Rb1+ 25. Kf2 Nh6 26. Bf3 Nf7 27. Rc2 Rb3 28. a4 Rcb8 29. Rc1 Nc8 30. fxe5 Bxe5 31. a5 Bxc3 32. R4xc3 Ne5 33. Ke3 fxe4 34. Bxe4 Ne7 35. Kd2 R3b4 36. Nf4 Ra4 37. Ne6 Rxa5 38. Rf1 Ng4 39. Rc2 Ra3 40. Rf4 Ra1 41. d4 cxd4 42. Nxd4 Rf8 43. Rxf8+ Kxf8 44. Ne6+ Kf7 45. Rc7 Kf6 46. Nf4 Ne5 47. Bc2 a5 48. Ra7 Ra2 49. Ra6 Nf5 50. Kc1 Nc4 51. Bb3 Ra1+ 52. Kc2 Nce3+ 53. Kb2 Rg1 54. Rxa5 Rxg3 55. Ra8 Rg4 56. Ne6 Rxh4 57. Rf8+ Ke5 58. Re8 Kf6 59. Rf8+ Ke7 60. Ra8 Rg4 61. Ra7+ Kf6 62. Nd8 h4 63. Kc3 h3 64. Rf7+ Ke5 65. Nc6+ Kf4 66. Nd4 h2 67. Rh7 Rh4 0-1

[Event "MNT-ch sf"]
[Site "Niksic"]
[Date "2017.02.19"]
[Round "5"]
[White "Alivodic, Dario"]
[Black "Kandic, Milojko"]
[Result "1-0"]
[WhiteElo "1837"]
[BlackElo "2031"]
[PlyCount "79"]
[EventDate "2017.02.17"]
[EventType "swiss"]
[EventRounds "7"]
[EventCountry "MNE"]
[SourceTitle "CBM 177 Extra"]
[Source "ChessBase"]
[SourceDate "2017.04.27"]
[SourceVersion "1"]
[SourceVersionDate "2017.04.27"]
[SourceQuality "1"]

1. d4 d5 2. c4 e5 3. dxe5 d4 4. Nf3 c5 5. e3 Nc6 6. exd4 cxd4 7. Bd3 Bg4 8. 0-0 Nge7 9. Re1 Ng6 10. h3 Bxf3 11. Qxf3 Ngxe5 12. Qg3 Be7 13. Rxe5 Nxe5 14. Qxe5 0-0 15. Bh6 f6 16. Qf5 g6 17. Qf3 Re8 18. Nd2 Qb6 19. Qd5+ Kh8 20. Qf7 Bf8 21. c5 Qe6 22. Qxe6 Rxe6 23. Bxf8 Rxf8 24. b4 Rfe8 25. Nb3 Re1+ 26. Rxe1 Rxe1+ 27. Kh2 Kg7 28. Nxd4 Kf7 29. Bc4+ Ke7 30. c6 bxc6 31. Nxc6+ Kd7 32. Nxa7 Re4 33. Bb5+ Kc7 34. Nc6 Kb6 35. a4 f5 36. Bd3 Rf4 37. Kg3 g5 38. Ne7 Kb7 39. Nd5 Rd4 40. Bxf5 1-0

[Event "MNT-chT 1st League"]
[Site "Podgorica"]
[Date "2014.10.10"]
[Round "7.1"]
[White "Kandic, Milojko"]
[Black "Vukcevic, Nemanja"]
[Result "0-1"]
[WhiteElo "2023"]
[BlackElo "2165"]
[PlyCount "40"]
[EventDate "2014.08.29"]
[EventType "team-tourn"]
[EventRounds "9"]
[EventCountry "MNE"]
[SourceTitle "EXT 2018"]
[Source "ChessBase"]
[SourceDate "2017.10.13"]
[SourceVersion "1"]
[SourceVersionDate "2017.10.13"]
[SourceQuality "1"]
[WhiteTeam "Zora"]
[BlackTeam "Omladinac Buducnost"]
[WhiteTeamCountry "MNE"]
[BlackTeamCountry "MNE"]

1. d4 Nf6 2. c4 g6 3. f3 d5 4. cxd5 Nxd5 5. e4 Nb6 6. Nc3 Bg7 7. Be3 0-0 8. Qd2 Nc6 9. 0-0-0 Qd6 10. Nb5 Qd7 11. Qf2 Rd8 12. Kb1 a6 13. Nxc7 Qxc7 14. Rc1 Qd7 15. d5 Nxd5 16. exd5 Qxd5 17. g4 Be6 18. Bc4 Qd7 19. Be2 Nb4 20. a3 Nd3 0-1

[Event "MNT-ch sf"]
[Site "Podgorica"]
[Date "2014.07.25"]
[Round "3"]
[White "Kandic, Milojko"]
[Black "Kontic, Djordjije"]
[Result "0-1"]
[WhiteElo "2023"]
[BlackElo "2351"]
[PlyCount "66"]
[EventDate "2014.07.24"]
[EventType "swiss"]
[EventRounds "7"]
[EventCountry "MNE"]
[SourceTitle "CBM 161 Extra"]
[Source "ChessBase"]
[SourceDate "2014.08.29"]
[SourceVersion "1"]
[SourceVersionDate "2014.08.29"]
[SourceQuality "1"]

1. e4 c5 2. Ne2 Nf6 3. Nbc3 d5 4. exd5 Nxd5 5. g3 Nxc3 6. Nxc3 Nc6 7. Bg2 h5 8. h3 Bf5 9. b3 Rh6 10. 0-0 g5 11. d3 Bg7 12. Bxg5 Rg6 13. Bd2 Qd7 14. Qxh5 0-0-0 15. g4 Bxg4 16. hxg4 Rxg4 17. f3 Rg6 18. Rae1 Rh8 19. Qxg6 fxg6 20. Ne2 Nd4 21. Nxd4 Bxd4+ 22. Be3 Rh5 23. Bxd4 Qxd4+ 24. Rf2 Re5 25. Rxe5 Qxe5 26. Bh3+ Kc7 27. Bg4 Qa1+ 28. Kg2 Qxa2 29. Re2 e5 30. Kg3 b5 31. Rxe5 Qxc2 32. Be6 Kd6 33. Re3 Qd2 0-1

[Event "MNT-ch sf"]
[Site "Podgorica"]
[Date "2014.07.25"]
[Round "2"]
[White "Rovcanin, Zeljko"]
[Black "Kandic, Milojko"]
[Result "0-1"]
[WhiteElo "2173"]
[BlackElo "2023"]
[PlyCount "100"]
[EventDate "2014.07.24"]
[EventType "swiss"]
[EventRounds "7"]
[EventCountry "MNE"]
[SourceTitle "CBM 161 Extra"]
[Source "ChessBase"]
[SourceDate "2014.08.29"]
[SourceVersion "1"]
[SourceVersionDate "2014.08.29"]
[SourceQuality "1"]

1. d4 e6 2. c4 d5 3. Nf3 Nf6 4. Nc3 Be7 5. Bg5 h6 6. Bh4 b6 7. e3 0-0 8. Qc2 Bb7 9. cxd5 exd5 10. Bd3 c5 11. 0-0 Nc6 12. a3 c4 13. Bf5 Na5 14. Ne5 Re8 15. f4 Ne4 16. Bxe7 Rxe7 17. Bxe4 dxe4 18. Rae1 Rc8 19. Re2 f6 20. Ng6 Re8 21. f5 Qd7 22. g4 Nb3 23. Nf4 b5 24. Rd1 a5 25. d5 Nc5 26. Rd4 Nb3 27. Rxe4 b4 28. axb4 axb4 29. Rxe8+ Qxe8 30. Na2 Qa4 31. Nc1 Qb5 32. Nxb3 cxb3 33. Qxb3 Kh7 34. Re1 Rc4 35. Rd1 Qc5 36. Kf1 Ba6 37. Kg2 Rc2+ 38. Kf3 Rxh2 39. Kg3 Rc2 40. Rd4 Rc1 41. Qxb4 Rg1+ 42. Kh2 Qc1 43. Qd2 Rh1+ 44. Kg3 Qg1+ 45. Kf3 Rh2 46. Qd1 Bf1 47. Qxf1 Qxf1+ 48. Ke4 Qh1+ 49. Kd3 Qb1+ 50. Kc3 Qxb2+ 0-1

[Event "MNT-ch 65th"]
[Site "Cetinje"]
[Date "2013.07.28"]
[Round "9"]
[White "Kandic, Milojko"]
[Black "Dedic, Slavko"]
[Result "1/2-1/2"]
[WhiteElo "2067"]
[BlackElo "1878"]
[PlyCount "90"]
[EventDate "2013.07.20"]
[EventType "swiss"]
[EventRounds "9"]
[EventCountry "MNE"]
[SourceTitle "CBM 155 Extra"]
[Source "ChessBase"]
[SourceDate "2013.08.26"]
[SourceVersion "1"]
[SourceVersionDate "2013.08.26"]
[SourceQuality "1"]

1. e4 e5 2. f4 exf4 3. Nf3 Be7 4. Bc4 d6 5. d4 Nf6 6. Nc3 Nxe4 7. Nxe4 d5 8. Bb5+ c6 9. Bd3 dxe4 10. Bxe4 Be6 11. 0-0 Bd6 12. Qd3 g6 13. Qc3 0-0 14. Ne5 Nd7 15. Bxf4 Nxe5 16. dxe5 Be7 17. Rad1 Qc7 18. Bh6 Rfd8 19. Rd6 Bf8 20. Bxf8 Rxf8 21. Rfd1 Rfe8 22. a4 a5 23. Qd4 Qe7 24. c4 Bg4 25. Bxc6 Bxd1 26. Bxe8 Rxe8 27. Qxd1 Qxe5 28. Rd8 Qe3+ 29. Kh1 Rxd8 30. Qxd8+ Kg7 31. h3 Qc1+ 32. Kh2 Qxb2 33. Qxa5 Qd4 34. Qc7 Kf6 35. Qxb7 Qe5+ 36. Kg1 Qe1+ 37. Kh2 Qe5+ 38. g3 Qe2+ 39. Qg2 Qxc4 40. a5 Ke5 41. Qb2+ Kd5 42. Qb7+ Kd6 43. Qb6+ Kd7 44. Qb7+ Kd6 45. Qb6+ Kd7 1/2-1/2

[Event "MNT-ch 65th"]
[Site "Cetinje"]
[Date "2013.07.27"]
[Round "8"]
[White "Lakusic, Zoran"]
[Black "Kandic, Milojko"]
[Result "1/2-1/2"]
[WhiteElo "1649"]
[BlackElo "2067"]
[PlyCount "105"]
[EventDate "2013.07.20"]
[EventType "swiss"]
[EventRounds "9"]
[EventCountry "MNE"]
[SourceTitle "CBM 155 Extra"]
[Source "ChessBase"]
[SourceDate "2013.08.26"]
[SourceVersion "1"]
[SourceVersionDate "2013.08.26"]
[SourceQuality "1"]

1. e4 e6 2. d4 d5 3. e5 c5 4. Bb5+ Nc6 5. Bxc6+ bxc6 6. Ne2 cxd4 7. Qxd4 c5 8. Qd3 Qb6 9. Qb3 Qc7 10. f4 Rb8 11. Qc3 Ba6 12. b3 Rb4 13. Qd2 Nh6 14. a3 Rb8 15. 0-0 Nf5 16. Re1 d4 17. Ng3 Nh4 18. Qf2 Bb7 19. Ne4 Be7 20. Nd6+ Bxd6 21. Qxh4 Be7 22. Qg4 Qc6 23. Nd2 h5 24. Qf3 Qxf3 25. Nxf3 0-0 26. a4 Bxf3 27. gxf3 d3 28. cxd3 Rfd8 29. Rd1 Rxb3 30. Ra3 Rb1 31. Rc3 Rd4 32. Rc4 Rxc4 33. dxc4 g5 34. Rf1 Rb4 35. fxg5 Rxa4 36. Be3 Rxc4 37. Ra1 Rc3 38. Kf2 Rc2+ 39. Kg3 Re2 40. Bf4 c4 41. Rxa7 Bc5 42. Ra8+ Kg7 43. Kh4 c3 44. Rc8 Be3 45. Bxe3 Rxe3 46. Kxh5 Rxf3 47. h4 Rg3 48. Rc7 Rd3 49. Rc5 Re3 50. Rc8 Rd3 51. Rc5 Rd5 52. Rxc3 Rxe5 53. Rc7 1/2-1/2

[Event "MNT-ch 65th"]
[Site "Cetinje"]
[Date "2013.07.20"]
[Round "1"]
[White "Kandic, Milojko"]
[Black "Djukic, Nikola"]
[Result "1/2-1/2"]
[WhiteElo "2067"]
[BlackElo "2543"]
[PlyCount "101"]
[EventDate "2013.07.20"]
[EventType "swiss"]
[EventRounds "9"]
[EventCountry "MNE"]
[SourceTitle "CBM 155 Extra"]
[Source "ChessBase"]
[SourceDate "2013.08.26"]
[SourceVersion "1"]
[SourceVersionDate "2013.08.26"]
[SourceQuality "1"]

1. e4 c5 2. Nf3 Nc6 3. d4 cxd4 4. Nxd4 Qc7 5. Nc3 e6 6. g3 a6 7. Bg2 Nf6 8. 0-0 Bc5 9. Be3 Ne5 10. h3 d6 11. Qe2 Bd7 12. f4 Ng6 13. Nb3 Bxe3+ 14. Qxe3 0-0 15. Rfd1 Rad8 16. Rd2 b5 17. Rad1 b4 18. Ne2 Bb5 19. Ned4 Bc4 20. c3 e5 21. fxe5 dxe5 22. Nf5 Rxd2 23. Rxd2 bxc3 24. bxc3 Rb8 25. Kh2 Bxb3 26. axb3 Rxb3 27. Rd6 Nd7 28. Qd2 Ndf8 29. Rxa6 Rxc3 30. Ra8 Rc2 31. Qe3 Ne7 32. Qa3 Neg6 33. h4 h5 34. Re8 Qd7 35. Rb8 Qd2 36. Qf3 Qe2 37. Kh3 Kh7 38. Rb7 Nh8 39. Nd6 f6 40. Rb8 Ne6 41. Qxe2 Rxe2 42. Bf3 Rd2 43. Ne8 Rd3 44. Kg2 Ng6 45. Rb6 Nef4+ 46. Kf2 Nh3+ 47. Kg2 Nhf4+ 48. Kf2 Rd8 49. Nxf6+ gxf6 50. gxf4 exf4 51. Rxf6 1/2-1/2

[Event "MNT-ch 63rd"]
[Site "Tivat"]
[Date "2011.05.26"]
[Round "6"]
[White "Kandic, Milojko"]
[Black "Marovic, Mato"]
[Result "0-1"]
[WhiteElo "2080"]
[BlackElo "2049"]
[PlyCount "100"]
[EventDate "2011.05.21"]
[EventType "swiss"]
[EventRounds "9"]
[EventCountry "MNE"]
[SourceTitle "CBM 142 Extra"]
[Source "ChessBase"]
[SourceDate "2011.06.27"]
[SourceVersion "1"]
[SourceVersionDate "2011.06.27"]
[SourceQuality "1"]

1. e4 e5 2. Nc3 Nf6 3. g3 Nc6 4. Bg2 d6 5. Nge2 Be7 6. h3 Bd7 7. d4 Qc8 8. f4 g6 9. Be3 0-0 10. fxe5 dxe5 11. d5 Nd8 12. Qd2 b5 13. Bg5 Re8 14. 0-0 Nh5 15. Bxe7 Rxe7 16. d6 cxd6 17. Nd5 Re6 18. g4 Ng7 19. Qh6 Ne8 20. g5 Bc6 21. Nf6+ Rxf6 22. gxf6 Ne6 23. h4 N8c7 24. Rad1 b4 25. h5 Qf8 26. Qxf8+ Nxf8 27. hxg6 hxg6 28. Rxd6 Bb5 29. Kf2 Nh7 30. Rfd1 Ne6 31. Nc1 Nxf6 32. Nd3 Bxd3 33. R1xd3 Kg7 34. a3 Rc8 35. c3 bxc3 36. bxc3 Nf4 37. Rd2 Rxc3 38. Bf3 Rxa3 39. Rc2 g5 40. Rdd2 g4 41. Bh1 g3+ 42. Ke1 Ng4 43. Ra2 Re3+ 44. Kd1 Nf2+ 45. Rxf2 gxf2 46. Rxf2 Ra3 47. Bf3 Ra1+ 48. Kd2 Ra2+ 49. Ke3 Rxf2 50. Kxf2 Kf8 0-1

[Event "MNT-ch 63rd"]
[Site "Tivat"]
[Date "2011.05.23"]
[Round "3"]
[White "Batricevic, Sasa"]
[Black "Kandic, Milojko"]
[Result "1-0"]
[WhiteElo "2245"]
[BlackElo "2080"]
[PlyCount "87"]
[EventDate "2011.05.21"]
[EventType "swiss"]
[EventRounds "9"]
[EventCountry "MNE"]
[SourceTitle "CBM 142 Extra"]
[Source "ChessBase"]
[SourceDate "2011.06.27"]
[SourceVersion "1"]
[SourceVersionDate "2011.06.27"]
[SourceQuality "1"]

1. e4 e6 2. d4 d5 3. Nc3 Bb4 4. Nge2 dxe4 5. a3 Bxc3+ 6. Nxc3 Nc6 7. Bb5 Bd7 8. Nxe4 e5 9. d5 Nd4 10. Bd3 Qe7 11. c3 Nf5 12. Qb3 0-0-0 13. Qb4 Nd6 14. Qa5 Kb8 15. Nxd6 Qxd6 16. c4 f5 17. Bd2 e4 18. Be2 Nf6 19. Qb4 Qe5 20. g3 h6 21. Bf4 Qe8 22. 0-0-0 g5 23. Be3 Rf8 24. d6 Rc8 25. dxc7+ Rxc7 26. Bc5 Rxc5 27. Qxc5 f4 28. Qd6+ Ka8 29. gxf4 gxf4 30. Qxf4 Bc6 31. Qe3 Qe5 32. Rd4 a6 33. Rhd1 Qe7 34. Qxh6 Rc8 35. Rd6 Nd7 36. Qe6 Qg5+ 37. Kb1 Nb6 38. c5 Qxc5 39. Rd8 Rxd8 40. Rxd8+ Ka7 41. Qd6 Qxd6 42. Rxd6 Nd5 43. h4 Nf4 44. Bd1 1-0

[Event "MNT CupT"]
[Site "Tivat"]
[Date "2011.04.30"]
[Round "3"]
[White "Kandic, Milojko"]
[Black "Vujovic, Radoslav"]
[Result "0-1"]
[WhiteElo "2093"]
[BlackElo "2005"]
[PlyCount "102"]
[EventDate "2011.04.28"]
[EventType "team-tourn"]
[EventRounds "5"]
[EventCountry "MNE"]
[SourceTitle "CBM 142 Extra"]
[Source "ChessBase"]
[SourceDate "2011.06.27"]
[SourceVersion "1"]
[SourceVersionDate "2011.06.27"]
[SourceQuality "1"]

1. e4 d5 2. exd5 Qxd5 3. Nf3 Bf5 4. d4 Qe4+ 5. Be3 Qxc2 6. Qxc2 Bxc2 7. Nc3 c6 8. d5 Nf6 9. Nd4 Bg6 10. Bc4 Ne4 11. dxc6 bxc6 12. Rc1 Nxc3 13. Rxc3 e5 14. Nxc6 Nxc6 15. Bd5 Bb4 16. Bxc6+ Ke7 17. Bxa8 Bxc3+ 18. bxc3 Rxa8 19. Bc5+ Ke6 20. Ke2 Kd5 21. Be3 Kc4 22. Rd1 Kxc3 23. Rd5 e4 24. a4 a5 25. Rb5 f5 26. h3 Be8 27. Rxf5 Bxa4 28. Bd2+ Kc4 29. Bxa5 Bb5 30. Bb6 Ra6 31. Bc5 Rc6 32. Bf8 Rf6 33. Rc5+ Kb4+ 34. Rxb5+ Kxb5 35. Bxg7 Rg6 36. Be5 Rxg2 37. Ke3 Kc4 38. Kxe4 Rxf2 39. h4 h5 40. Bf4 Rf1 41. Kf5 Kd5 42. Kg5 Ke4 43. Bc7 Rc1 44. Bd6 Rd1 45. Be7 Rd5+ 46. Kg6 Kf3 47. Bg5 Kg4 48. Kf6 Rc5 49. Kg6 Rc6+ 50. Kf7 Kh3 51. Ke7 Rc4 0-1